000 00646nam a22001457a 4500
020 _a000-675337 X
082 _a823
_bWEHY/L
100 _aWHYBROW, IAN
245 _aLITTLE WOLF'S HAUNTED HALL FOR SMALL HORRORS
260 _aBRITAIN
_bCOLLINS
_c1999
300 _a125
520 _aLittle Wolf; his cousin and best friend, Yeller; his little brother, Smellybreff; and their friend Stubbs Crow are opening Haunted Hall, "THE BEST SCHOOL FOR BRUTE BEASTS." When Little asks the ghost of his late uncle, Bigbad Wolf, to star as the School Spirit and resident spook, the deceased villain bets his nephew ...
650 _aSHORT STORY
942 _cBK
999 _c6517
_d6517